000 00952cam a22002894a 4500
003 TZ-ArACH
005 20250911085126.0
008 080522s2008 ncu b 001 0 eng d
010 _a 2008929634
020 _a1594604134
020 _a9781594604133
035 _a(OCoLC)213775720
_z(OCoLC)275130930
050 0 0 _aK3585
_b.K73
100 1 _aKravchenko, Svitlana.
245 1 0 _aHuman rights and the environment :
_bcases, law, and policy /
_cSvitlana Kravchenko, John E. Bonine.
260 _aDurham, N.C. :
_bCarolina Academic Press,
_c2008
300 _axxvii, 637 p. ;
_c26 cm.
490 1 _aLaw casebook series
504 _aIncludes bibliographical references (p. 619-625) and index.
650 0 _aEnvironmental law.
650 0 _aEnvironmental law
_vCases.
650 0 _aEnvironmental policy.
650 0 _aHuman rights.
700 1 _aBonine, John E.
830 0 _aCarolina Academic Press law casebook series.
942 _2lcc
_cBOOK
999 _c531
_d531